000 00326nam a22001457a 4500
020 _a81-8482-144-1
082 _a823
_bPAI/S
100 _aPAI, ANANT
245 _aSHALIVAHANA
260 _aMUMBAI
_bAMAR CHITHRA KATHA
300 _a31
520 _aENGLISH SHORT STORY
650 _aENGLISH SHORT STORY
_zMUMBAI
942 _cBK
999 _c5334
_d5334